MARC details
| 000 -LEADER |
| fixed length control field |
02297cam a22002414a 4500 |
| 005 - ΗΜΕΡΟΜΗΝΙΑ ΚΑΙ ΩΡΑ ΤΕΛΕΥΤΑΙΑΣ ΕΝΗΜΕΡΩΣΗΣ |
| Πεδίο ελέγχου |
20250605163945.0 |
| 008 - FIXED-LENGTH DATA ELEMENTS--GENERAL INFORMATION |
| Πεδίο ελέγχου σταθερού μήκους |
250528s ||||||||||||||||||||||||d |
| 035 ## - SYSTEM CONTROL NUMBER |
| System control number |
15189 |
| 020 ## - ISBN |
| ISBN |
395633400 |
| 040 ## - ΠΗΓΗ ΚΑΤΑΛΟΓΟΓΡΑΦΗΣΗΣ |
| Φορέας πρωτότυπης καταλογογράφησης |
MC Athens Campus Library |
| Γλώσσα καταλογογράφησης |
Ελληνικά, Μοντέρνα (1453-) |
| Modifying agency |
MC Athens Campus Library |
| Κανόνες περιγραφικής καταλογογράφησης |
AACR2 |
| 245 1# - ΤΙΤΛΟΣ ΚΑΙ ΔΗΛΩΣΗ ΥΠΕΥΘΥΝΟΤΗΤΑΣ |
| Τίτλος |
Business / Fourth Edition |
| 250 ## - EDITION STATEMENT |
| Edition statement |
4th |
| 260 ## - PUBLICATION, DISTRIBUTION, ETC. |
| Name of publisher, distributor, etc. |
Houghton Mifflin Company, |
| Date of publication, distribution, etc. |
1991 |
| 300 ## - PHYSICAL DESCRIPTION |
| Extent |
844 |
| 505 0# - FORMATTED CONTENTS NOTE |
| Formatted contents note |
American Business Today, Foundations of Business, Ethics and Social Responsibility, The Forms of Business Ownership, Small Business and Entrepreneurship and Francises, Management and Organization, The Management Process, Creating the Organization, Operations Management, The Human Resourcs, People and Motivation in Business, Human Resources Management, Union-Management Relations, Marketing, An Overview of Marketing, Product and Price, Wholesaling and Retailing and Physical Distribution, Promotion, Information for Business, Management Information and Computers, Accounting, Finance and Investment, Money and Banking and Credit, Financial Management, Securities Markets, Risk Management and Insurance, The Business Environment and International Issues, Business Law, Government Assistance and Regulation and Taxation, International Business, Careers in Business. |
| 520 ## - SUMMARY, ETC. |
| Summary, etc. |
American Business Today, Foundations of Business, Ethics and Social Responsibility, The Forms of Business Ownership, Small Business and Entrepreneurship and Francises, Management and Organization, The Management Process, Creating the Organization, Operations Management, The Human Resourcs, People and Motivation in Business, Human Resources Management, Union-Management Relations, Marketing, An Overview of Marketing, Product and Price, Wholesaling and Retailing and Physical Distribution, Promotion, Information for Business, Management Information and Computers, Accounting, Finance and Investment, Money and Banking and Credit, Financial Management, Securities Markets, Risk Management and Insurance, The Business Environment and International Issues, Business Law, Government Assistance and Regulation and Taxation, International Business, Careers in Business. |
| 700 1# - ΠΡΟΣΘΕΤΗ ΑΝΑΓΡΑΦΗ--ΦΥΣΙΚΟ ΠΡΟΣΩΠΟ |
| Personal name |
Hughes Robert J |
| 9 (RLIN) |
1066 |
| 700 1# - ΠΡΟΣΘΕΤΗ ΑΝΑΓΡΑΦΗ--ΦΥΣΙΚΟ ΠΡΟΣΩΠΟ |
| Personal name |
Kapoor Jack R |
| 9 (RLIN) |
1067 |
| 700 1# - ΠΡΟΣΘΕΤΗ ΑΝΑΓΡΑΦΗ--ΦΥΣΙΚΟ ΠΡΟΣΩΠΟ |
| Personal name |
Pride William M |
| 9 (RLIN) |
1068 |
| 942 ## - ADDED ENTRY ELEMENTS (KOHA) |
| Koha item type |
Books |